• 首页
  • 本馆介绍
  • 公告通知
  • 最新文献
  • 馆藏检索
  • 电子资源
  • 读者导购
  • 参考咨询
  • 我的图书馆
  • 登录
  • 详细信息显示
  • 放入我的书架
  • 预约/预借图书
  • 作者相关作品
  • 分类相关作品
  • 丛书相关作品
  • 出版社相关作品

书目信息

  • 表格格式
  • 工作单格式
  • 卡片格式
题名:
国外休闲经济发展与公共管理
    
 
作者: 吴承忠 著
分册:  
出版信息: 北京   人民出版社  2008
页数: 231页
开本: 21cm
丛书名:
单 册:
中图分类: F014.5
科图分类:
主题词: 消费经济学--研究--外国 , 消费经济学
电子资源:
ISBN: 978-7-01-007267-8
000 00829nam0 2200241 450
001 523
005 20140908143711.37
010    @a978-7-01-007267-8@dCNY18.00
100    @a20081031d2008 em y0chiy50 ea
101 0  @achi
102    @aCN@b110000
105    @aa z 000yy
106    @ar
200 1  @a国外休闲经济发展与公共管理@AGuo Wai Xiu Xian Jing Ji Fa Zhan Yu Gong Gong Guan Li@f吴承忠著@FWu Cheng Zhong Zhu
210    @a北京@c人民出版社@d2008
215    @a231页@c图@d21cm
330    @a本书内容包括:休闲、休闲经济与休闲经济管理;国外休闲活动与休闲经济发展史;国外休闲经济发展的现状与模式;国外休闲经济管理等。
606 0  @a消费经济学@x研究@y外国
606 0  @a消费经济学
690    @aF014.5@v5
701  0 @a吴承忠@AWu Cheng Zhong@f(1971~)@4著
801  0 @aCN@bTANGWEI@c20140603
905    @b0842252-54@dF014.5@e448@f3
    
    国外休闲经济发展与公共管理/吴承忠著.-北京:人民出版社,2008
    231页:图;21cm
    
    
    ISBN 978-7-01-007267-8:CNY18.00
    本书内容包括:休闲、休闲经济与休闲经济管理;国外休闲活动与休闲经济发展史;国外休闲经济发展的现状与模式;国外休闲经济管理等。
●
相关链接 在E读中查询图书 在五车中查询图书 在当当中查询图书 在豆瓣中查询图书


正题名:国外休闲经济发展与公共管理     索取号:F014.5/448         预约/预借

序号 登录号 条形码 馆藏地/架位号 状态 备注
1 0842252   208422526   第一样本阅览室/ [索取号:F014.5/448] 在馆    
2 0842253   208422535   密集书库-海洋学院/ [索取号:F014.5/448] 在馆    
3 0842254   208422544   第一借阅区/ [索取号:F014.5/448] 在馆    
唐山师范学院图书馆 欢迎您!
大连网信软件有限公司© 版权所有